000 00458nam a2200169Ia 4500
003 LK-CoDNM
008 010623t2000 xxu||||| |||| 00| 1 eng d
040 _aLK-CoDNM
_dLK-CoDNM
_eLK-CoDNM
041 _aeng
080 _a36.011.6
_bTUD
100 _aTudawe, Indra
245 _aReview of poverty related data data sources in Sri Lanka
260 _bInstitute of policy studies
_aColombo 03
_c2000
300 _b40, 28 cm
500 _aNo.4
942 _cBK
999 _c120113
_d120113